The Metaphor is dead/ (Record no. 195336)

MARC details
000 -LEADER
fixed length control field 00530nam a22001817a 4500
005 - DATE AND TIME OF LATEST TRANSACTION
control field 20230403144012.0
010 ## - LCCN (DPL NO)
LC control number ENG-136471
020 ## - INTERNATIONAL STANDARD BOOK NUMBER
International Standard Book Number 9788194705215
Terms of availability 499.00
035 ## - SYSTEM CONTROL NUMBER
System control number EN-120003
037 ## - SOURCE OF ACQUISITION
Source of stock number/acquisition DBAD/PUB
082 ## - DEWEY DECIMAL CLASSIFICATION NUMBER
Classification number 881
100 ## - MAIN ENTRY--PERSONAL NAME
Personal name Anand Jernail Singh
245 ## - TITLE STATEMENT
Title The Metaphor is dead/
Statement of responsibility, etc By Jernail Singh Anand
260 ## - PUBLICATION, DISTRIBUTION, ETC. (IMPRINT)
Place of publication, distribution, etc Haryana
Name of publisher, distributor, etc Global Fratervity of Poets
Date of publication, distribution, etc 2020
270 ## - ADDRESS
Address H-23/16, DLF Phase-1, Gurugram
City Haryana
Postal code 122002
300 ## - PHYSICAL DESCRIPTION
Extent 168p.
Dimensions 22cm(pbk)
942 ## - ADDED ENTRY ELEMENTS (KOHA)
Source of classification or shelving scheme Dewey Decimal Classification
Item type English Books
Classification part 881
Call number suffix ANA
Holdings
Withdrawn status Lost status Not for loan Collection code Home library Current library Date acquired Source of acquisition Cost, normal purchase price Full call number Barcode Copy number Cost, replacement price Koha item type
      Non-fiction Ashok Vihar Ashok Vihar 20/03/2023 DBAD/PUB 0.00 881 ANA EN-120003 1 499.00 English Books

© Delhi Public Library
Hit Counter
free hit counter